00313nam a2200109Ia 4500008004100000100002400041245001800065260000900083300002900092440002400121650005800145180117s9999 xx 000 0 und d aby Regina G Posadas aDads Actually c2017 a6-10 pages, 2017 June 18 aPhilippine Panorama aSTRAIGHT TALK ON THE TRUTHS AND THRILLS OF FATHERHOOD